| 000 | 00642nam a2200229Ia 4500 | ||
|---|---|---|---|
| 003 | OSt | ||
| 005 | 20220926012324.0 | ||
| 006 | a|||||r|||| 00| 0 | ||
| 007 | ta | ||
| 008 | 220923b |||||||| |||| 00| 0 eng d | ||
| 020 | _a0 521 40167 4 | ||
| 037 | _cGeneral Book | ||
| 040 |
_aRTL _cRTL _beng |
||
| 041 |
_2eng _aeng |
||
| 082 | _aY9(T), N3/TD | ||
| 100 |
_aStreet B V Ed. _9316166 |
||
| 245 | 0 | _aCross cultural approaches to literacy. | |
| 260 |
_aNew York _bCambridge University Press _c1993 |
||
| 300 |
_axii,321p. _ccm. |
||
| 942 |
_hY9(T), N3/TD _cGB _2CC |
||
| 999 |
_c622518 _d622518 |
||